000 00699nam a22002177a 4500
005 20251108165529.0
008 250721s1983 xx 000 0 ara d
082 1 4 _a616.6/فيل
100 1 _aفيليب، اليوت
245 1 0 _aالعقم :
_bأسبابه و طرق علاجه /
264 1 _aبيروت :
_bدار النفائس،
_c1983.
300 _a192ص
650 1 7 _aالعقم
650 1 7 _aعقم الأنثى
650 1 7 _aعقم الذكور
650 1 7 _aالأمراض التناسيلية الأنثوية
650 1 7 _aالأمراض التناسيلة الذكورية
700 1 _aعمر، الفاضل العبد
_eترجمة
942 _2ddc
_cBK
999 _c30103
_d30103